Arte, lenguaje, etnología: entrevistas de Georges Charbonnier con Claude Lévi-Strauss
Đã lưu trong:
| Tác giả chính: | |
|---|---|
| Định dạng: | Sách |
| Ngôn ngữ: | Tiếng Tây Ban Nha |
| Được phát hành: |
Ciudad de México
Siglo Veintiuno
1968
|
| Loạt: | Colección Mínima, 14
|
| Những chủ đề: | |
| Các nhãn: |
Thêm thẻ
Không có thẻ, Là người đầu tiên thẻ bản ghi này!
|
MARC
| LEADER | 00000nam a2200000 a 4500 | ||
|---|---|---|---|
| 001 | UCX6958 | ||
| 003 | CL-VaPUC | ||
| 005 | 20210413152316.0 | ||
| 008 | 930902e19680000MX |||||||||||||||||spa|d | ||
| 999 | |c 226890 |d 226888 | ||
| 040 | |c Pontificia Universidad Católica de Valparaíso | ||
| 082 | 0 | 4 | |a 306 |b CHA |2 21 |
| 100 | 0 | |a Charbonnier, Georges |e author |9 323661 | |
| 245 | 1 | 0 | |a Arte, lenguaje, etnología: entrevistas de Georges Charbonnier con Claude Lévi-Strauss |
| 260 | |a Ciudad de México |b Siglo Veintiuno |c 1968 | ||
| 300 | |a 138 p | ||
| 490 | 0 | |a Colección Mínima, 14 | |
| 583 | |a last modification |c 19930902 00:00:00 |k Rodrigo Vera | ||
| 600 | |a Lévi-Strauss, Claude |d 1908-2009 |9 860625 | ||
| 650 | 0 | |a Etnología |9 258726 | |
| 650 | 0 | |a Entrevistas |9 265537 | |
| 942 | |c BK |2 ddc | ||
| 945 | |d 19930902 00:00:00 | ||
| 952 | |0 0 |1 0 |4 0 |6 306_000000000000000_CHA_1968 |7 0 |8 A |9 225545 |a BIBHIS |b BIBHIS |d 2019-11-15 |i 2942224 |o 306 CHA 1968 |p 2942224 |r 2025-01-20 |w 2019-11-15 |y BK |k HIS | ||